Jorge Iván Hübner Gallo: estudios en su homenaje
Saved in:
| Format: | Book |
|---|---|
| Language: | Spanish |
| Published: |
Santiago
Universidad del Desarrollo
2007
|
| Subjects: | |
| Tags: |
Add Tag
No Tags, Be the first to tag this record!
|
MARC
| LEADER | 00000nam a2200000 a 4500 | ||
|---|---|---|---|
| 001 | UCI5521 | ||
| 003 | CL-VaPUC | ||
| 005 | 20201112164723.0 | ||
| 008 | 080328e20070000CL |||||||||||||||||spa|d | ||
| 999 | |c 329253 |d 329251 | ||
| 020 | |a 9789567961184 | ||
| 040 | |c Pontificia Universidad Católica de Valparaíso | ||
| 082 | 0 | 4 | |a 340.109 |b JOR |2 21 |
| 245 | 1 | 0 | |a Jorge Iván Hübner Gallo: estudios en su homenaje |
| 260 | |a Santiago |b Universidad del Desarrollo |c 2007 | ||
| 300 | |a 315 p | ||
| 583 | |a last modification |c 20080328 00:00:00 |k Rodrigo Vera | ||
| 600 | |a Hübner Gallo, Jorge Iván |d 1923-2006 |9 858179 | ||
| 650 | 0 | |a Filosofía del derecho |9 255050 | |
| 650 | 0 | |a Biografías |9 255210 | |
| 650 | 7 | |a HOMENAJE |2 CL-VaPUC |9 333787 | |
| 852 | |a BIBCUR | ||
| 942 | |c BK |2 ddc | ||
| 945 | |d 20080328 00:00:00 |a jtorresc | ||
| 952 | |0 0 |1 0 |4 0 |6 340_109000000000000_JOR_2007 |7 0 |8 A |9 413625 |a BIBDER |b BIBDER |d 2019-11-22 |i 4419901 |o 340.109 JOR 2007 |p 4419901 |r 2023-01-25 |w 2019-11-22 |y BK |k DER | ||
| 952 | |0 0 |1 0 |4 0 |6 340_109000000000000_JOR_2007 |7 0 |8 A |9 413626 |a BIBDER |b BIBDER |d 2019-11-22 |i 4512898 |o 340.109 JOR 2007 |p 4512898 |r 2023-01-25 |w 2019-11-22 |y BK |k DER | ||